Super Mario 64 étoiles de puissances sur une carte: Monde trempé-séché - Statistiques

Statistiques générales
  • Ce quiz a été pris 45 fois
  • Le résultat moyen est 5 sur 7
Réponses sur la Carte
Les réponses sont colorées sur une échelle allant du rouge au vert en fonction du pourcentage des utilisateurs qui les ont devinées à leur premier essai. Vous pouvez retrouver ces pourcentages ci-dessous.
 
Statistiques - réponses
# Réponse % Correct
3 5 {secrets} de haut en bas
97%
5 {Pièces} {rouges} en ville
94%
7 {Etoiles} d'{argent} trempées
84%
2 Au sommet de la {ville}
72%
4 {Ascenseur} express-On se dépêche
69%
6 {Course} rapide en ville
66%
1 Ascenseurs {flèches}
53%
Aucun quiz correspondant
Distribution des résultats
% des personnes avec chaque résultat
Percentile par nombre de réponses
Votre historique - résultats
Vous n’avez pas pris ce quiz